[Event "82nd Tata Steel Challengers 2020"]
[Site "Wijk aan Zee"]
[Date "2020.01.22"]
[Round "10.1"]
[White "Abdusattorov, Nodirbek"]
[Black "Warmerdam, Max"]
[Result "1-0"]
[WhiteElo "2635"]
[BlackElo "2498"]
[Annotator "TA"]
[PlyCount "67"]
[EventDate "2020.01.11"]
[EventType "tourn"]
[EventCountry "NED"]
[SourceTitle "playchess.com"]
[Source "ChessBase"]
[SourceQuality "1"]

{[%evp 20,77,28,9,34,21,37,27,20,0,0,0,0,0,0,13,23,-19,0,0,0,0,0,0,0,0,0,0,0,0,0,0,15,13,14,29,108,99,460,485,485,481,479,461,492,490,475,468,789,672,816,809,778,798,795,789,950,933,1185,1183]} 1. e4 c5 2. Nf3 d6 3. d4 cxd4 4. Nxd4 Nf6 5. Nc3 Nc6 6. Bg5 e6 7. Qd2 a6 8. O-O-O Bd7 9. f3 Nxd4 10. Qxd4 Be7 11. h4 Qc7 {B67: Sicilian: Richter-Rauzer: 7...a6 8 0-0-0 Bd7, lines without 9 f4 Be7.} 12. g4 h5 13. gxh5 Nxh5 {[#] White has an edge.} 14. Bg2 $146 ({Predecessor:} 14. Bxe7 Kxe7 15. Qd2 Qc5 16. f4 Bc6 17. b4 Qa7 18. Qxd6+ Kf6 19. Bd3 Qe3+ 20. Kb2 {½-½ (34) Grosar,A (2485)-Kozul,Z (2580) Slovenia 1995}) 14... Rc8 15. Qd2 b5 16. Ne2 b4 17. Kb1 a5 18. Rhe1 e5 19. Rh1 Bb5 20. Bh3 Bxg5 21. hxg5 Bxe2 $1 22. Qxe2 Ng3 23. Qd2 {Rh2 is the strong threat.} Nxh1 24. Bxc8 Ke7 25. Ba6 Ng3 26. g6 $36 {[%mdl 2048] White has the initiative.} Nh5 $1 27. gxf7 Nf4 {[#]} (27... Kxf7 $11 {remains equal.} 28. Qxd6 (28. Qd5+ Ke7 $11) 28... Qxd6 29. Rxd6 Nf4) 28. Bc4 $1 $16 Qxc4 $2 {[%mdl 8192]} (28... Qc6 $16) 29. Qxd6+ $18 {[%mdl 64] Double Attack. White is clearly winning.} Kxf7 {aiming for ...Rh2.} 30. Qd7+ Kf6 {[#] And now ...Ne6 would win.} 31. b3 $1 ({Not} 31. Qf5+ Ke7 $18) 31... Qe6 {White must now prevent ...Qxd7.} 32. Rd6 {[%mdl 64] Pin} Ra8 33. a3 ({Don't take} 33. Rxe6+ Nxe6 34. Qb7 Rh8 $18) 33... Rb8 (33... bxa3 $142 34. c4 Qxd6 35. Qxd6+ Ne6 36. Qxa3 Rh8 37. Qxa5 Rh1+ 38. Kb2 Rh2+ 39. Ka3 Rg2) 34. a4 {Played: Qd7-c7} 1-0

[Event "82nd Tata Steel Challengers 2020"]
[Site "Wijk aan Zee"]
[Date "2020.01.22"]
[Round "10.2"]
[White "Saduakassova, Dinara"]
[Black "Smirnov, Anton"]
[Result "0-1"]
[WhiteElo "2519"]
[BlackElo "2604"]
[Annotator "TA"]
[PlyCount "76"]
[EventDate "2020.01.11"]
[EventType "tourn"]
[EventCountry "NED"]
[SourceTitle "playchess.com"]
[Source "ChessBase"]
[SourceQuality "1"]

{[%evp 11,76,16,17,21,10,-12,-1,-4,16,20,14,16,20,22,15,14,29,21,14,21,16,17,22,0,0,0,0,0,0,-5,29,0,0,0,0,0,0,6,20,17,19,0,0,-14,-15,-12,-17,-18,0,0,0,0,0,-22,-23,-112,-112,-366,-349,-457,-411,-525,-524,-708,-687,-727,-726]} 1. d4 Nf6 2. c4 e6 3. Nf3 d5 4. g3 dxc4 5. Bg2 a6 6. O-O Nc6 7. Be3 {E04: Open Catalan: 5 Nf3} (7. e3 Bd7 8. Qe2 b5 9. b3 cxb3 10. axb3 Be7 11. Bd2 O-O 12. Rc1 Nb4 13. Ne5 Nfd5 14. Nc3 c6 15. Ne4 f6 16. Nxd7 Qxd7 17. Nc5 Bxc5 18. Rxc5 f5 19. Ra5 Qc7 20. Ra1 Qd7 21. Ra5 Qc7 22. Ra1 Qd7 {½-½ (22) So,W (2780)-Duda,J (2737) chess.com INT 2018}) 7... Nd5 8. Bg5 f6 9. Bd2 {The position is equal.} Be7 $146 ({Predecessor:} 9... Nb6 10. Bc3 Nd5 11. Nbd2 b5 12. Qc2 b4 13. Bxb4 Bxb4 14. Qxc4 Bd7 {0-1 (24) Tago,S (1735)-Hildebrand,G (2354) ICCF email 2013}) 10. e4 Nb6 11. Bc3 O-O 12. Nbd2 Bb4 13. Qc2 Bxc3 14. Qxc3 e5 {[%cal Re5d4]} 15. d5 Na7 16. a4 {[%cal Ba2a4,Ba4a5][%mdl 32]} Bd7 17. Qc2 Qe8 {[%cal Rd7a4]} 18. a5 Nbc8 $1 19. Nxc4 Nb5 20. Rfc1 Qh5 21. Qd1 (21. Na3 $5 {[%cal Ra3b5]}) 21... Bg4 22. Ne3 Ncd6 23. Nxg4 Qxg4 24. Ne1 Qg6 25. Ra4 Rae8 26. Nf3 Qh6 27. Qd2 Qh5 28. Re1 Re7 29. Raa1 f5 30. exf5 Rxf5 31. Nh4 Rff7 32. Qd1 Qh6 33. Nf3 (33. Ra4 $1 $11 {keeps the balance.}) 33... Qf6 $36 {[%mdl 2048] Strongly threatening ...e4. Black is in control.} 34. Qd2 $2 {[%mdl 8192] [#]} (34. h4 $17) 34... e4 $1 $19 35. Nh4 g5 36. Bh3 gxh4 {Black is clearly winning.} 37. Be6 Nd4 38. Bxf7+ Rxf7 {Accuracy: White = 48%, Black = 75%.} 0-1

[Event "82nd Tata Steel Challengers 2020"]
[Site "Wijk aan Zee"]
[Date "2020.01.22"]
[Round "10.3"]
[White "Anton Guijarro, David"]
[Black "Eljanov, Pavel"]
[Result "1-0"]
[WhiteElo "2694"]
[BlackElo "2650"]
[Annotator "TA"]
[PlyCount "83"]
[EventDate "2020.01.11"]
[EventType "tourn"]
[EventCountry "NED"]
[SourceTitle "playchess.com"]
[Source "ChessBase"]
[SourceQuality "1"]

{[%evp 14,83,18,12,20,0,2,0,0,0,0,0,14,0,0,-8,0,0,0,0,0,0,36,24,45,43,43,43,93,76,117,112,108,104,108,92,97,97,198,133,124,124,124,124,132,132,324,315,322,322,314,307,273,288,325,322,523,510,635,450,675,675,664,656,641,637,620,586,670,639,608,567]} 1. c4 Nf6 2. Nf3 e6 3. g3 d5 4. Bg2 d4 5. O-O c5 6. e3 Nc6 7. exd4 cxd4 8. d3 Bd6 {A13: English Opening: 1...e6.} 9. Na3 O-O 10. Nc2 e5 {The position is equal.} 11. b4 {[%cal Bb2b4,Bb4b5][%mdl 32]} Re8 12. Re1 Bg4 13. b5 Nb4 14. h3 Bxf3 15. Bxf3 Nxc2 16. Qxc2 Qc7 {[#]} 17. Bd2 $146 ({Predecessor:} 17. Bg2 Bb4 18. Re2 h6 19. Bb2 Re7 20. Qb3 Bc5 {½-½ (20) Sykora,J (2330)-Kostal,J (2354) ICCF email 2013}) 17... Bc5 18. Kg2 h6 19. a4 {[%cal Ba2a4,Ba4a5][%mdl 32]} Rad8 20. a5 e4 21. dxe4 d3 22. Qb3 $1 Nd7 23. e5 ({But not} 23. Qxd3 Ne5 $14) 23... Bd4 24. Rad1 Nc5 25. Qa3 Bxe5 {[#]} (25... g5 $16) 26. Bb4 (26. a6 $1 $18) 26... Bd4 $16 27. Rxe8+ Rxe8 28. Bxc5 Bxc5 29. Qxd3 b6 $2 {[#] This costs Black the game.} (29... Re7 $16 {was necessary.} 30. a6 bxa6) 30. a6 $1 $18 Qe5 31. h4 g6 32. Qd5 Qb2 33. Qd2 Qg7 34. Qf4 g5 $2 (34... Qf8 35. Rd7 Re7) 35. hxg5 {White is clearly winning.} hxg5 36. Qf5 Qe5 (36... Qg6 $142 37. Qd7 {[%mdl 64] Double Attack} Kf8) 37. Qxe5 Rxe5 38. Rd8+ Kg7 39. Ra8 Re7 40. g4 Kf6 41. Bb7 Ke5 42. Kf3 {Accuracy: White = 93%, Black = 61%.} 1-0

[Event "82nd Tata Steel Challengers 2020"]
[Site "Wijk aan Zee"]
[Date "2020.01.22"]
[Round "10.4"]
[White "L'Ami, Erwin"]
[Black "Keymer, Vincent"]
[Result "1/2-1/2"]
[WhiteElo "2606"]
[BlackElo "2527"]
[Annotator "TA"]
[PlyCount "60"]
[EventDate "2020.01.11"]
[EventType "tourn"]
[EventCountry "NED"]
[SourceTitle "playchess.com"]
[Source "ChessBase"]
[SourceQuality "1"]

{[%evp 19,60,13,8,9,9,7,0,0,0,0,0,0,0,0,0,0,0,0,0,0,0,-2,11,14,19,0,9,9,9,9,11,15,22,0,3,0,8,9,11,10,6,3,14]} 1. d4 d5 2. c4 e6 3. Nf3 Nf6 4. g3 Bb4+ 5. Bd2 Be7 6. Bg2 O-O 7. O-O c6 8. Qc2 Nbd7 9. Bf4 b6 10. cxd5 cxd5 {The position is equal.} 11. Rc1 {E08: Closed Catalan: Main Line: 7 Qc2} Bb7 12. Qb3 (12. Bc7 Qe8 13. Qb3 Rc8 14. Na3 Ba6 15. Nb5 Bxb5 16. Qxb5 Nc5 17. Qxe8 Rfxe8 18. Bf4 Na4 19. Rxc8 Rxc8 20. Rc1 Rxc1+ 21. Bxc1 {0-1 (50) Giri,A (2776)-So,W (2760) Kolkata 2019}) 12... Rc8 13. Na3 {[%cal Bb1a3,Ba3c2,Bc2b4][%mdl 32]} a6 14. Nc2 Nh5 $146 ({Predecessor:} 14... Rc4 15. Nd2 {½-½ (42) Grabuzova,T (2314)-Shuvalova,P (2439) Sochi 2019}) 15. Bd2 Nhf6 16. Nb4 Rxc1+ 17. Rxc1 Qa8 18. Nd3 Rc8 19. Nfe5 Rxc1+ 20. Bxc1 Qc8 21. Bg5 Bd8 22. Bf1 h6 (22... Nxe5 {looks sharper.} 23. Nxe5 Qc7 24. f3 Be7 25. Qd1 h6) 23. Nxd7 Nxd7 24. Bxd8 Qxd8 25. e3 a5 26. Nc1 Nf6 27. Bd3 Ne8 28. Ne2 Nd6 29. Nc3 Bc6 30. f3 h5 {Accuracy: White = 77%, Black = 67%.} 1/2-1/2

[Event "82nd Tata Steel Challengers 2020"]
[Site "Wijk aan Zee"]
[Date "2020.01.22"]
[Round "10.5"]
[White "Smeets, Jan"]
[Black "Grandelius, Nils"]
[Result "1/2-1/2"]
[WhiteElo "2585"]
[BlackElo "2673"]
[Annotator "TA"]
[PlyCount "84"]
[EventDate "2020.01.11"]
[EventType "tourn"]
[EventCountry "NED"]
[SourceTitle "playchess.com"]
[Source "ChessBase"]
[SourceQuality "1"]

{[%evp 11,84,5,0,7,20,-2,0,-4,0,0,0,0,24,22,30,8,28,23,25,19,35,43,35,39,41,29,46,22,15,26,22,19,32,35,29,-23,-20,-14,-20,-43,16,18,18,0,0,0,15,13,74,51,39,44,134,41,36,31,127,107,124,125,148,131,135,45,38,31,46,0,0,0,0,0,6,0,32]} 1. e4 e5 2. Nf3 Nc6 3. d4 exd4 4. Nxd4 Qf6 5. Nxc6 Bc5 6. Qf3 bxc6 7. Nc3 {C45: Scotch Game} d6 8. Bd3 (8. Qg3 {seems wilder.} h5 9. Be3 h4 10. Qf3 Bd4 11. Bxd4 Qxd4 12. Qd3) (8. Qg3 h5 9. h4 Bd4 10. Bg5 Qe5 11. Qxe5+ Bxe5 12. O-O-O Bxc3 13. bxc3 Be6 14. Rd4 f6 {½-½ (71) Nepomniachtchi,I (2751)-Le,Q (2739) Saint Louis 2017}) 8... Bd4 9. Bd2 $146 ({Predecessor:} 9. Qxf6 Nxf6 10. Ne2 Bb6 11. h3 a5 12. Bd2 Nd7 13. Bc3 O-O 14. Bd4 Nc5 {0-1 (59) Musialkiewicz,J (2250)-Brzeski,M (2353) Poland 2015}) 9... Rb8 10. Qxf6 Nxf6 11. b3 O-O 12. f3 Nd7 13. O-O-O Ne5 14. Be2 f5 15. Rhf1 Re8 16. exf5 Bxf5 17. g4 Bd7 18. h3 Ng6 19. Bc4+ d5 20. Bd3 Ne5 21. Ba6 Ng6 22. Ne2 Bc5 23. Be1 (23. f4 $142) 23... Rb6 $11 24. Bd3 Ne5 25. Nf4 Be3+ (25... Rf8 $15 26. Bd2 Rbb8) 26. Bd2 Bxd2+ 27. Kxd2 Rb4 28. Ng2 c5 29. Be2 Bc6 (29... h5 $11 {remains equal.}) 30. Rde1 a5 31. f4 Ng6 {[#]} ({Black should play} 31... Nf7 $14) 32. Bd3 (32. f5 $1 $16 {[%cal Rf5g6]} Ne5 33. Nf4) 32... Rxe1 $14 33. Rxe1 {Strongly threatening Re6.} Kf7 (33... Nxf4 $14 34. Nxf4 Rxf4) 34. a3 $16 Rb8 35. f5 Ne7 36. Nf4 a4 37. bxa4 ({Better is} 37. Kc3 $16) 37... c4 $14 38. Bf1 Bxa4 39. Ne6 Rb2 {The position is equal.} 40. Rc1 Ra2 41. Kc3 Rxa3+ 42. Kd4 Ra2 {Accuracy: White = 65%, Black = 36%.} 1/2-1/2

[Event "82nd Tata Steel Challengers 2020"]
[Site "Wijk aan Zee"]
[Date "2020.01.22"]
[Round "10.6"]
[White "Ganguly, Surya Shekhar"]
[Black "Nihal Sarin"]
[Result "1/2-1/2"]
[WhiteElo "2636"]
[BlackElo "2618"]
[Annotator "TA"]
[PlyCount "47"]
[EventDate "2020.01.11"]
[EventType "tourn"]
[EventCountry "NED"]
[SourceTitle "playchess.com"]
[Source "ChessBase"]
[SourceQuality "1"]

{[%evp 20,47,17,5,33,23,26,30,24,24,25,8,22,0,0,-12,-6,-4,-9,-50,-53,-41,-60,-65,0,-53,0,-64,0,0]} 1. e4 e5 2. Nf3 Nc6 3. Bb5 a6 4. Ba4 Nf6 5. O-O Be7 6. Re1 b5 7. Bb3 O-O 8. h3 Bb7 9. d3 d6 10. a3 Qd7 11. Nc3 Nd8 {C88: Closed Ruy Lopez: Anti-Marshall Systems} (11... Rfe8 12. Nd5 Nxd5 13. exd5 Na7 14. d4 exd4 15. Qxd4 c5 16. dxc6 Nxc6 17. Qd3 Bf6 18. Bd2 Ne5 19. Rxe5 Rxe5 20. Nxe5 Bxe5 {½-½ (47) Nakamura,H (2743)-Ding,L (2805) Saint Louis 2019}) 12. d4 exd4 13. Nxd4 Re8 {White has an edge.} 14. Nf5 Ne6 15. Qf3 c5 16. Nd5 Nxd5 17. exd5 c4 $146 {[#] ...Bf6 is the strong threat.} ({Predecessor:} 17... Nd4 18. Nxd4 cxd4 19. Bf4 {1-0 (54) Fedorchuk,S (2599)-Stern,R (2465) Germany 2006}) 18. dxe6 fxe6 19. Nh6+ gxh6 20. Qg4+ Kf7 {aiming for ...Rg8.} 21. Qh5+ (21. Bxh6 $2 Rg8 $19) 21... Kg8 {[#] Hoping for ...Kh8.} 22. Qg4+ $1 Kf7 {Threatens to win with ...Rg8.} (22... Kh8 $5 {[%cal Re8g8]} 23. Qd4+ (23. Bxh6 $2 Rg8 $19) 23... e5 24. Rxe5 {[%mdl 64] Pin} Bf6 {[%mdl 64] Pin} 25. Rxe8+ {[%mdl 64] Discovered Attack} Kg7 $11) 23. Qh5+ $1 (23. Bxh6 $2 Rg8 $19) 23... Kg8 (23... Kg7 $1 $15 24. Qg4+ (24. Bxh6+ Kh8 $17) (24. Ba2 Rg8 $17) 24... Kh8 25. Qd4+ (25. Bxh6 $2 Rg8 $19) 25... Kg8 26. Qg4+ (26. Bxh6 Bf8 $17)) 24. Qg4+ $1 {Accuracy: White = 77%, Black = 70%.} 1/2-1/2

[Event "82nd Tata Steel Challengers 2020"]
[Site "Wijk aan Zee"]
[Date "2020.01.22"]
[Round "10.7"]
[White "Mamedov, Rauf"]
[Black "Van Foreest, Lucas"]
[Result "1/2-1/2"]
[WhiteElo "2659"]
[BlackElo "2523"]
[Annotator "TA"]
[PlyCount "104"]
[EventDate "2020.01.11"]
[EventType "tourn"]
[EventCountry "NED"]
[SourceTitle "playchess.com"]
[Source "ChessBase"]
[SourceQuality "1"]

{[%evp 12,104,10,0,9,0,0,0,0,7,10,-8,-15,-15,-3,-16,-8,-10,-4,-21,0,0,0,0,0,0,0,0,0,0,0,0,0,-41,0,-18,-6,-44,-18,-7,53,-8,-14,-11,-7,-4,-13,-138,-144,-164,-156,-150,-151,-153,-71,-117,-115,-122,0,0,0,0,0,0,0,0,0,0,0,0,0,0,0,0,0,0,0,0,0,0,0,0,0,0,0,0,0,0,0,0,0,0,0,0,0]} 1. Nf3 d5 2. g3 e6 3. Bg2 Nf6 4. O-O Be7 5. c4 O-O 6. b3 d4 7. e3 c5 {A14: English Opening: 1...e6 with b3 by White} 8. exd4 (8. Ne5 Qc7 9. f4 Nfd7 10. Nf3 Nc6 11. Na3 a6 12. exd4 cxd4 13. d3 b5 14. Bb2 Qb6 15. Kh1 {½-½ (30) Ding,L (2809)-Giri,A (2797) Shenzhen 2019}) 8... cxd4 9. Ne5 Qc7 10. Re1 Nfd7 $146 ({Predecessor:} 10... Nc6 11. Qe2 Nxe5 12. Qxe5 Qxe5 13. Rxe5 Nd7 14. Re2 a5 15. Bb2 Bf6 16. d3 Nc5 17. Rd2 e5 {Poetz,F (2414)-Dunlop,G (2503) ICCF email 2016}) 11. Nxd7 (11. Nd3 {keeps more tension.} Rd8 12. Ba3 Bf6 13. Qe2 Nc6 14. Bb2) 11... Bxd7 12. Bb2 Nc6 13. d3 e5 14. a3 a5 15. Nd2 f5 16. Qh5 Rae8 17. Bd5+ Kh8 18. Bf7 Rd8 19. Bg6 {[%csl Gg6][%cal Rh5h7] [#]} h6 20. Nf3 Be8 21. Bxe8 Rdxe8 22. Bc1 Bd8 23. Bd2 e4 24. b4 Qd7 25. b5 Nb8 (25... exf3 $11 26. bxc6 Qxc6) 26. dxe4 (26. Bf4 $1 $14 exf3 27. Bxb8) 26... fxe4 $11 27. Ne5 Qf5 28. Qxf5 $1 Rxf5 29. Nd3 (29. Rxe4 $11 Rfxe5 30. Rxe5 Rxe5 31. Bf4) 29... Nd7 $17 30. Rad1 Bb6 31. Bc1 g5 32. Bb2 {[#]} Kh7 (32... Kg8 $142 $1 33. g4 Rff8) 33. c5 Nxc5 34. Nxc5 Rxc5 (34... Bxc5 $17 35. Bxd4 Bxa3) 35. Bxd4 $11 {The position is equal.} Rxb5 36. a4 Rb3 37. Bxb6 Rxb6 {[%mdl 4096] Endgame KRR-KRR} 38. Rd5 Rb2 39. Rxa5 Kg6 40. Rd5 Re6 41. Kf1 e3 42. Re2 Rxe2 43. Kxe2 exf2+ 44. Kxf2 {KR-KR} g4 45. a5 h5 46. Rb5 Re7 47. Kf1 Kh6 48. Kg1 Re1+ 49. Kf2 Re7 50. Kg2 Re2+ 51. Kg1 Re1+ 52. Kg2 Re2+ {Accuracy: White = 62%, Black = 68%.} 1/2-1/2

[Event "82nd Tata Steel Challengers 2020"]
[Site "Wijk aan Zee"]
[Date "2020.01.24"]
[Round "11.1"]
[White "Keymer, Vincent"]
[Black "Mamedov, Rauf"]
[Result "1/2-1/2"]
[WhiteElo "2527"]
[BlackElo "2659"]
[Annotator "TA"]
[PlyCount "79"]
[EventDate "2020.01.11"]
[EventType "tourn"]
[EventCountry "NED"]
[SourceTitle "playchess.com"]
[Source "ChessBase"]
[SourceQuality "1"]

{[%evp 18,79,35,34,45,41,44,35,50,47,75,45,84,65,70,60,78,72,110,11,22,16,14,8,16,15,85,87,77,77,85,82,97,37,62,52,58,31,66,31,32,32,35,0,0,0,0,0,0,0,20,20,20,20,27,0,0,0,0,0,0,0,20,0]} 1. Nf3 g6 2. e4 c5 3. c4 Nc6 4. d4 cxd4 5. Nxd4 Nf6 6. Nc3 d6 7. Be2 Nxd4 8. Qxd4 Bg7 9. Be3 O-O 10. Qd3 a5 {B36: Sicilian: Maroczy Bind: Gurgenidze System} (10... Be6 11. O-O a6 12. Rac1 b5 13. cxb5 axb5 14. Nxb5 Rxa2 15. Bd4 Bd7 16. Qb3 Ra8 17. e5 Bxb5 18. exf6 Bxf6 19. Bxf6 Bxe2 20. Rfe1 exf6 {½-½ (20) Idani,P (2586)-Zvjaginsev,V (2644) Qingdao 2019}) 11. O-O a4 12. Bd4 Be6 {White is slightly better.} 13. f4 Qa5 14. Rab1 Bd7 15. b4 $146 ({Predecessor:} 15. e5 Bf5 16. exf6 Bxd3 17. fxg7 Bxb1 18. gxf8=Q+ Kxf8 19. Rxb1 {1-0 (65) Ivic,V (2345)-Nguyen,P (2453) Zalakaros 2017}) 15... axb3 $1 16. axb3 Bc6 17. b4 Qa3 18. e5 (18. b5 $16) 18... dxe5 $11 19. fxe5 Ne4 $1 20. Nxe4 {[#] Black must now prevent Rb3.} Qxd3 21. Bxd3 {Hoping for Nf2.} Rad8 (21... Rfd8 $1 $11) 22. Nd6 $16 exd6 23. Bb6 Bxe5 24. Bxd8 Rxd8 {[#]} 25. Rfe1 (25. b5 $1 $16 {[%cal Rb5c6]} Bd7 26. Be4) 25... Re8 26. Kh1 b6 27. Rbc1 Kg7 28. Be4 Bxe4 29. Rxe4 $14 {[%mdl 4096] Endgame KRR-KRB} Ra8 30. c5 Bb2 31. Rf1 dxc5 32. bxc5 bxc5 33. Re7 Rf8 34. Rc7 Bd4 35. g4 g5 36. Re1 Kg6 {The position is equal.} 37. Rc6+ Kg7 38. Rc7 Ra8 39. Rf1 Rf8 40. Re1 {Accuracy: White = 43%, Black = 59%.} 1/2-1/2

[Event "82nd Tata Steel Challengers 2020"]
[Site "Wijk aan Zee"]
[Date "2020.01.24"]
[Round "11.2"]
[White "Van Foreest, Lucas"]
[Black "Abdusattorov, Nodirbek"]
[Result "0-1"]
[WhiteElo "2523"]
[BlackElo "2635"]
[Annotator "TA"]
[PlyCount "40"]
[EventDate "2020.01.11"]
[EventType "tourn"]
[EventCountry "NED"]
[SourceTitle "playchess.com"]
[Source "ChessBase"]
[SourceQuality "1"]

{[%evp 9,40,18,26,0,0,-34,-21,-40,-37,-32,-47,-36,12,6,40,0,0,-67,-47,-40,0,-98,-101,-437,-442,-521,-520,-634,-593,-688,-674,-725,-697]} 1. e4 c5 2. Nf3 d6 3. d4 cxd4 4. Nxd4 Nf6 5. Nc3 a6 6. Bd2 {B90: Sicilian Najdorf: Unusual White 6th moves, 6 Be3 Ng4 and 6 Be3 e5} e5 7. Nf5 $146 ({Predecessor:} 7. Nb3 Be7 8. Bd3 O-O 9. O-O Nc6 10. Re1 Be6 11. f4 exf4 12. Bxf4 Ne5 13. Bxe5 dxe5 {0-1 (31) Dos Santos,F-Da Silva,W (1906) Barbacena 2018}) 7... d5 8. Qf3 {[%cal Re4d5] The position is equal.} d4 9. Nd5 Nxd5 10. exd5 Qf6 11. Bd3 Nd7 12. O-O {Rfe1 is the strong threat.} Nc5 $36 {[%mdl 2048] Black is more active.} 13. Nxd4 ({White should play} 13. Ng3 $11) 13... exd4 $15 (13... Nxd3 $6 14. cxd3 Be7 15. Rfe1 $16) 14. Rfe1+ $1 Kd7 {And now ...Qxf3 would win.} (14... Kd8 $5 {[%cal Rf6f3]} 15. Ba5+ b6 16. Qxf6+ gxf6 17. Bxb6+ Kd7 $15) 15. Bf5+ {[#]} (15. Qh5 $1 $11 g6 16. Qg4+ (16. Qe2 Kc7 $17) 16... Kc7 17. Qg3+ Kb6 18. Bf4) 15... Kc7 $1 $17 ({Reject} 15... Kd8 $6 16. Ba5+ b6 17. d6 $11) 16. Ba5+ $2 {[%mdl 8192]} (16. Re8 $17 Qxf5 17. Qxf5 Bxf5 18. Rxa8) 16... b6 $19 {Black is clearly winning.} 17. d6+ Bxd6 18. Qxa8 {Strongly threatening Qa7+.} Qxf5 ({Not} 18... bxa5 19. Bxc8 Rxc8 20. Qd5 $17) 19. Qa7+ {[#]} Bb7 $1 20. Qxb6+ Kd7 {Accuracy: White = 16%, Black = 78%.} 0-1

[Event "82nd Tata Steel Challengers 2020"]
[Site "Wijk aan Zee"]
[Date "2020.01.24"]
[Round "11.3"]
[White "Nihal Sarin"]
[Black "L'Ami, Erwin"]
[Result "1/2-1/2"]
[WhiteElo "2618"]
[BlackElo "2606"]
[Annotator "TA"]
[PlyCount "96"]
[EventDate "2020.01.11"]
[EventType "tourn"]
[EventCountry "NED"]
[SourceTitle "playchess.com"]
[Source "ChessBase"]
[SourceQuality "1"]

{[%evp 15,96,26,47,39,47,41,50,16,15,20,13,9,35,33,19,10,20,3,10,27,41,41,39,36,39,36,47,23,41,19,26,12,37,36,33,0,0,0,0,-29,-37,-33,-33,-34,-25,-50,-35,-50,-17,-29,-32,-42,-39,-35,-14,-15,-15,-15,-15,-15,-2,-15,-8,-33,-18,-18,-5,-33,-33,-33,-33,-33,-7,-11,0,0,0,0,0,0,0,0,0]} 1. e4 e5 2. Nf3 Nc6 3. Bb5 a6 4. Ba4 Nf6 5. O-O Be7 6. d3 d6 7. c3 O-O 8. Nbd2 {[%cal Bb1d2,Bd2e4,Be4g3][%mdl 32]} Nd7 9. Re1 {C77: Ruy Lopez: 3...a6 4 Ba4 Nf6, unusual lines} (9. Bc2 Nb6 10. a4 a5 11. Nc4 Nxc4 12. dxc4 Kh8 13. Re1 Be6 14. b3 Qd7 15. Ng5 Bxg5 16. Bxg5 b6 {½-½ (41) L'Ami,E (2633)-Sokolov,I (2584) Amsterdam 2019}) 9... Nb6 10. Bb3 Kh8 11. h3 {White is slightly better.} f5 12. exf5 Bxf5 13. Ne4 Qd7 14. Be3 $146 ({Predecessor:} 14. Ng3 Bg6 15. d4 exd4 16. Be6 Qd8 17. Nxd4 Nxd4 18. Qxd4 {½-½ (35) Karabayeva,Z (2029)-Bezgodova,M (2172) Kocaeli 2013}) 14... Rae8 15. Ng3 Bg6 16. Bxb6 cxb6 17. d4 Bf6 18. dxe5 Nxe5 19. Nxe5 Bxe5 20. Qd2 b5 21. Rad1 Qc7 22. Nf1 Qc5 23. Re3 Bf4 24. Rxe8 Bxe8 25. Qd5 (25. Qe2 {keeps more tension.} Bh5 26. g4 Bg6 27. Bd5 Qc7 28. Ng3) 25... Bc6 $36 {[%mdl 2048] Black is more active.} 26. Qxc5 dxc5 27. Ne3 c4 28. Bc2 g6 29. a3 Kg7 30. Rd4 Bb8 31. Rd2 Ba7 32. Ng4 Re8 {[#] ( -> ...Re1+)} 33. Kf1 $1 h5 34. Nh2 $1 Bb8 35. Nf3 Bf4 36. Rd1 $1 Bxf3 37. gxf3 $11 {[%mdl 4096] Endgame KRB-KRB} Kf6 38. Be4 Re7 39. Ke2 Kg5 40. Kf1 b6 41. Rd5+ Kf6 42. Rd1 h4 43. Bc6 g5 44. Bd7 {The position is equal.} Ke5 45. Bc8 Ra7 46. Ke2 a5 47. Bd7 {[#]} b4 $1 {[%mdl 512]} 48. Bb5 (48. axb4 axb4) 48... bxc3 {Accuracy: White = 67%, Black = 44%.} 1/2-1/2